000 00420nam a22001457a 4500
999 _c17364
_d17364
008 190107b xxu||||| |||| 00| 0 eng d
020 _a9966702806
050 _aMT3
_b.K4A38 2016 c.1
100 _aAkuno, Emily Achieng
245 _aIssues in Music Education in Kenya
_bA handbook for Teachers of Music
250 _a2nd ed.
260 _aKisumu
_bEmak Music Services
_c2016
300 _avi, 203p.
942 _2lcc
_cBK